000 00915cam a2200277u 4500
001 2368
003 FISKH
005 20231121134625.0
008 830523s1962 enka j 000 0 eng
010 _a 65024146
020 _a051488002500
040 _aDLC
_cCarP
_dDLC
_beng
050 0 0 _aPZ10.3.P47
_bTasj5
082 _2823.912
100 1 _aPotter, Beatrix
_d1866-1943.
245 1 4 _aThe tale of the Flopsy Bunnies
250 _aThis paperback edition first published 1991
260 _aLondon,
_aNew York,
_bPenguin Group,
_c1962
300 _a59 pages
_bcolor illustrations
_c15 cm
505 _aP
520 _aWhen the Flopsy Bunnies venture over to Mr. McGregor's garbage heap to find dinner, trouble ensues when they fall asleep in the warm sun after their meal.
521 8 _a660
_bLexile
521 8 _aP
_bRaz-Plus
906 _a0
_bcbc
_cpremunv
_du
_encip
_f19
_gy-gencatlg
942 _2ddc
_cBK
_n0
999 _c2368
_d2368